<?xml version="1.0" encoding="UTF-8"?>
<record
    xmlns:xsi="http://www.w3.org/2001/XMLSchema-instance"
    xsi:schemaLocation="http://www.loc.gov/MARC21/slim http://www.loc.gov/standards/marcxml/schema/MARC21slim.xsd"
    xmlns="http://www.loc.gov/MARC21/slim">

  <leader>01686nam a2200373 a 4500</leader>
  <controlfield tag="001">79233</controlfield>
  <controlfield tag="003">BD-RjUL</controlfield>
  <controlfield tag="005">20220120115638.0</controlfield>
  <controlfield tag="008">150415s19921995vau       c   000 0 ara d</controlfield>
  <datafield tag="020" ind1=" " ind2=" ">
    <subfield code="a">1565642279</subfield>
  </datafield>
  <datafield tag="035" ind1=" " ind2=" ">
    <subfield code="a">(BD-RjUL)79233</subfield>
  </datafield>
  <datafield tag="040" ind1=" " ind2=" ">
    <subfield code="a">AAC</subfield>
    <subfield code="b">ara</subfield>
    <subfield code="e">rda</subfield>
    <subfield code="c">BD-RjUL</subfield>
  </datafield>
  <datafield tag="041" ind1=" " ind2=" ">
    <subfield code="a">ara</subfield>
  </datafield>
  <datafield tag="082" ind1=" " ind2=" ">
    <subfield code="2">23</subfield>
    <subfield code="a">297.27 </subfield>
    <subfield code="b">ABS 1995</subfield>
  </datafield>
  <datafield tag="100" ind1="1" ind2=" ">
    <subfield code="a">Abdel Hamid, Mohsen   ;; &#x645;&#x62D;&#x633;&#x646;,  &#x639;&#x628;&#x62F; &#x627;&#x644;&#x62D;&#x645;&#x64A;&#x62F;</subfield>
    <subfield code="e">&#x645;&#x624;&#x644;&#x641;</subfield>
    <subfield code="9">827</subfield>
  </datafield>
  <datafield tag="245" ind1="1" ind2="2">
    <subfield code="a">&#x627;&#x644;&#x627;&#x633;&#x644;&#x627;&#x645; &#x648;&#x627;&#x644;&#x62A;&#x646;&#x645;&#x64A;&#x629; &#x627;&#x644;&#x627;&#x62C;&#x62A;&#x645;&#x627;&#x639;&#x64A;&#x629; /aliasalam waltanmiat aliajtimaeia /</subfield>
    <subfield code="c">&#x628;&#x642;&#x644;&#x645; &#x645;&#x62D;&#x633;&#x646; &#x639;&#x628;&#x62F; &#x627;&#x644;&#x62D;&#x645;&#x64A;&#x62F;. ;; biqalam muhsin eabd alhamidi.</subfield>
  </datafield>
  <datafield tag="250" ind1=" " ind2=" ">
    <subfield code="a"> 3rd deition ;; &#x627;&#x644;&#x637;&#x628;&#x639;&#x629; &#x627;&#x644;&#x62B;&#x627;&#x644;&#x62B;&#x629;</subfield>
  </datafield>
  <datafield tag="264" ind1=" " ind2="1">
    <subfield code="a">&#x647;&#x64A;&#x631;&#x646;&#x62F;&#x646;-&#x641;&#x64A;&#x631;&#x62C;&#x64A;&#x646;&#x64A;&#x627;- &#x627;&#x644;&#x648;&#x644;&#x627;&#x64A;&#x627;&#x62A; &#x627;&#x644;&#x645;&#x62A;&#x62D;&#x62F;&#x629; &#x627;&#x644;&#x627;&#x645;&#x631;&#x64A;&#x643;&#x64A;&#x629; :</subfield>
    <subfield code="b">&#x627;&#x644;&#x645;&#x639;&#x647;&#x62F; &#x627;&#x644;&#x639;&#x627;&#x644;&#x645;&#x64A; &#x644;&#x644;&#x641;&#x643;&#x631; &#x627;&#x644;&#x627;&#x633;&#x644;&#x627;&#x645;&#x64A;,</subfield>
    <subfield code="c">1995</subfield>
  </datafield>
  <datafield tag="300" ind1=" " ind2=" ">
    <subfield code="a">153 &#x635;&#x641;&#x62D;&#x629; ;</subfield>
    <subfield code="c">24 &#x633;&#x645;.</subfield>
  </datafield>
  <datafield tag="490" ind1=" " ind2=" ">
    <subfield code="a">silsilat qadaya al fikr al islam ;</subfield>
    <subfield code="v">no. 3</subfield>
  </datafield>
  <datafield tag="504" ind1=" " ind2=" ">
    <subfield code="a">&#x64A;&#x634;&#x645;&#x644; &#x628;&#x628;&#x644;&#x64A;&#x648;&#x63A;&#x631;&#x627;&#x641;&#x64A;&#x629;</subfield>
  </datafield>
  <datafield tag="650" ind1=" " ind2="4">
    <subfield code="a">&#x627;&#x644;&#x645;&#x630;&#x647;&#x628;&#x64A;&#x629; &#x627;&#x644;&#x627;&#x633;&#x644;&#x627;&#x645;&#x64A;&#x629;</subfield>
    <subfield code="9">828</subfield>
  </datafield>
  <datafield tag="650" ind1=" " ind2="4">
    <subfield code="a">Islamic sectarianism </subfield>
    <subfield code="9">829</subfield>
  </datafield>
  <datafield tag="650" ind1=" " ind2="4">
    <subfield code="a">&#x627;&#x644;&#x646;&#x638;&#x627;&#x645; &#x627;&#x644;&#x627;&#x62C;&#x62A;&#x645;&#x627;&#x639;&#x64A; &#x627;&#x644;&#x627;&#x633;&#x644;&#x627;&#x645;&#x64A;</subfield>
    <subfield code="9">830</subfield>
  </datafield>
  <datafield tag="650" ind1=" " ind2="4">
    <subfield code="a">Islamic economic system </subfield>
    <subfield code="9">831</subfield>
  </datafield>
  <datafield tag="650" ind1=" " ind2="4">
    <subfield code="a">&#x627;&#x644;&#x646;&#x638;&#x627;&#x645; &#x627;&#x644;&#x633;&#x64A;&#x627;&#x633;&#x64A; &#x627;&#x644;&#x627;&#x633;&#x644;&#x627;&#x645;&#x64A;</subfield>
    <subfield code="9">832</subfield>
  </datafield>
  <datafield tag="650" ind1=" " ind2="4">
    <subfield code="a">Islamic political system </subfield>
    <subfield code="9">833</subfield>
  </datafield>
  <datafield tag="650" ind1=" " ind2="4">
    <subfield code="a">&#x627;&#x644;&#x646;&#x638;&#x627;&#x645; &#x627;&#x644;&#x627;&#x642;&#x62A;&#x635;&#x627;&#x62F;&#x64A; &#x627;&#x644;&#x627;&#x633;&#x644;&#x627;&#x645;&#x64A;</subfield>
    <subfield code="9">834</subfield>
  </datafield>
  <datafield tag="650" ind1=" " ind2="4">
    <subfield code="a">&#x627;&#x644;&#x646;&#x638;&#x627;&#x645; &#x627;&#x644;&#x639;&#x642;&#x648;&#x628;&#x627;&#x62F; &#x627;&#x644;&#x627;&#x633;&#x644;&#x627;&#x645;&#x64A;</subfield>
    <subfield code="9">835</subfield>
  </datafield>
  <datafield tag="650" ind1=" " ind2="4">
    <subfield code="a">&#x627;&#x644;&#x646;&#x638;&#x627;&#x645; &#x627;&#x644;&#x62D;&#x631;&#x628; &#x648;&#x627;&#x644;&#x633;&#x644;&#x627;&#x645; &#x627;&#x644;&#x627;&#x633;&#x644;&#x627;&#x645;&#x64A;</subfield>
    <subfield code="9">836</subfield>
  </datafield>
  <datafield tag="650" ind1=" " ind2="4">
    <subfield code="a">&#x627;&#x644;&#x646;&#x638;&#x627;&#x645; &#x627;&#x644;&#x62A;&#x631;&#x628;&#x64A;&#x629; &#x648;&#x627;&#x644;&#x62A;&#x639;&#x644;&#x64A;&#x645; &#x627;&#x644;&#x627;&#x633;&#x644;&#x627;&#x645;&#x64A;</subfield>
    <subfield code="9">837</subfield>
  </datafield>
  <datafield tag="650" ind1=" " ind2="4">
    <subfield code="a">&#x627;&#x644;&#x646;&#x638;&#x627;&#x645; &#x627;&#x644;&#x627;&#x62E;&#x644;&#x627;&#x642;&#x64A; &#x627;&#x644;&#x627;&#x633;&#x644;&#x627;&#x645;&#x64A;</subfield>
    <subfield code="9">838</subfield>
  </datafield>
  <datafield tag="942" ind1=" " ind2=" ">
    <subfield code="2">ddc</subfield>
    <subfield code="c">BK</subfield>
  </datafield>
  <datafield tag="999" ind1=" " ind2=" ">
    <subfield code="c">79233</subfield>
    <subfield code="d">79233</subfield>
  </datafield>
  <datafield tag="952" ind1=" " ind2=" ">
    <subfield code="0">0</subfield>
    <subfield code="1">0</subfield>
    <subfield code="2">ddc</subfield>
    <subfield code="4">0</subfield>
    <subfield code="7">1</subfield>
    <subfield code="8">NFIC</subfield>
    <subfield code="a">RUCL</subfield>
    <subfield code="b">RUCL</subfield>
    <subfield code="c">Reading</subfield>
    <subfield code="d">2022-01-20</subfield>
    <subfield code="l">0</subfield>
    <subfield code="o">297.27 ABS 1995</subfield>
    <subfield code="r">2022-01-20 00:00:00</subfield>
    <subfield code="t">C-1</subfield>
    <subfield code="w">2022-01-20</subfield>
    <subfield code="y">BK</subfield>
  </datafield>
</record>
